| 000 | 00864nam a22002417a 4500 | ||
|---|---|---|---|
| 003 | OSt | ||
| 005 | 20131019020003.0 | ||
| 008 | 130605b wauil. g |||| 00| 0 eng d | ||
| 010 | _a2010008855 | ||
| 020 | _a9781597261920 | ||
| 040 |
_aLibrary of Congress _bspa _cInstituto Humboldt |
||
| 082 | _a333.95 | ||
| 100 | 1 |
_aCaro, Tim _qTimothy M Caro _933 |
|
| 245 | 1 | 0 |
_aConservation by proxy: _bindicator, umbrella, keystone, flagship, and other surrogate species _cTim Caro; ilustraciones de Sheila Girling |
| 260 |
_aWhasington, DC: _bIsland Press, _c24 cm. |
||
| 300 |
_axvi, 374 p.: _bil.; _c24 cm |
||
| 504 | _aIncluye referencias bibliográficas (278-352 p.) e índice. | ||
| 650 | 0 |
_aConservation of natural resources _934 |
|
| 650 | 0 |
_aEnvironmental protection _935 |
|
| 650 | 0 |
_aGlobalization _936 |
|
| 700 | 1 |
_aGirling, Sheila _937 |
|
| 942 |
_2ddc _cIMPRESO _01 |
||
| 999 |
_c7304 _d7304 |
||